Catálogo

EL EQUILIBRIO PASIONAL EN LA DOCTRINA ESTOICA Y EN LA... (Registro nro. 2017)

Detalles MARC
000 -LEADER
fixed length control field 00458nam a2200169 a 4500
001 - CONTROL NUMBER
control field 2017
005 - DATE AND TIME OF LATEST TRANSACTION
control field 20180713182029.0
008 - FIXED-LENGTH DATA ELEMENTS--GENERAL INFORMATION
fixed length control field 140415s1945 sp 000 0 spa d
041 ## - LANGUAGE CODE
Language code of text/sound track or separate title spa
082 ## - DEWEY DECIMAL CLASSIFICATION NUMBER
Classification number 128
Item number CUE
100 1# - MAIN ENTRY--PERSONAL NAME
Personal name CUESTA, SALVADOR
245 13 - TITLE STATEMENT
Title EL EQUILIBRIO PASIONAL EN LA DOCTRINA ESTOICA Y EN LA...
250 ## - EDITION STATEMENT
Edition statement 1a ed.
260 ## - PUBLICATION, DISTRIBUTION, ETC.
Place of publication, distribution, etc. ESPAÑA :
Name of publisher, distributor, etc. CSIC,
Date of publication, distribution, etc. 1945
300 ## - PHYSICAL DESCRIPTION
Extent 295
650 14 - SUBJECT ADDED ENTRY--TOPICAL TERM
Topical term or geographic name entry element ANTROPOLOGIA FILOSOFICA
General subdivision ONTOLOGIA
Existencias
Withdrawn status Lost status Source of classification or shelving scheme Damaged status Not for loan Collection code Home library Current library Shelving location Date acquired Source of acquisition Inventory number Total Checkouts Full call number Barcode Date last seen Price effective from Koha item type
    Dewey Decimal Classification     General Biblioteca Karol Wojtyla Biblioteca Karol Wojtyla Sala general 03/12/2013 Compra 151000000000000000060753   128 CUE 12596 05/01/2026 03/12/2013 Libro